| 000 | 00000nam 2200000za 4500 |
| 001 | 9.843507 |
| 003 | CaOODSP |
| 005 | 20221107152534 |
| 007 | cr ||||||||||| |
| 008 | 170913s1928 onc |oi f|0| 0 eng d |
| 040 | |aCaOODSP|beng |
| 043 | |an-cn--- |
| 086 | 1 |aCS62-D-74/1928E-PDF |
| 245 | 00|aInvestors' index numbers of common stocks, 1919 to 1928 |h[electronic resource]. |
| 260 | |a[Ottawa] : |bDominion Bureau of Statistics, |c1928. |
| 300 | |a6 p. |
| 500 | |aDigitized edition from print [produced by Statistics Canada]. |
| 500 | |aCaption title. |
| 500 | |a"Issued March 5th, 1928." |
| 520 | |a"Monthly figures for the Investors' index numbers of common stocks, computed by the Dominion Bureau of Statistics on the basis 1926 = 100, have been carried back to 1919 and are published in the accompanying tables"--p. 1. |
| 692 | 07|2gccst|aIndexes |
| 692 | 07|2gccst|aInvestments |
| 710 | 1 |aCanada. |bDominion Bureau of Statistics. |bInternal Trade Branch. |
| 710 | 1 |aCanada. |bDepartment of Trade and Commerce. |
| 856 | 40|qPDF|s2.99 MB|uhttps://publications.gc.ca/collections/collection_2017/statcan/CS62-D-74-1928-eng.pdf |
| 986 | |a62-D-74 |